00744nai a2200181Ia 4500003000900000008004100009022002200050022002300072040001600095245006800111260008600179310001300265362002800278521006900306650005100375650004600426856009000472IN-BaIIA211028c9999 xx s 000 0 eng d a0018-9502 (Print) a1558-2655 (Online) cIIA Library 0aIEEE Transactions on Parts, Materials and Packagingh[eJournal] aNew York, USAbThe Institute of Electrical and Electronics Engineers, Inc. (IEEE) aAnnually a1(1); 1965 - 7(1); 1971 bSubscribed through National Knowledge Resource Consortium (NKRC) a Engineered Materials, Dielectrics and Plasmas aComponents, Circuits, Devices and Systems uhttps://ieeexplore.ieee.org/servlet/opac?punumber=8221yClick Here to Access eJournal